| 000 | 01329nam a2200361 a 4500 | ||
|---|---|---|---|
| 999 |
_c5508 _d5508 |
||
| 001 | 1196164 | ||
| 003 | GZU | ||
| 005 | 20210407113829.0 | ||
| 008 | 970911s1997 rh ab b 100 0 eng | ||
| 010 | _a 97980775 | ||
| 020 | _a0908307616 | ||
| 040 |
_aDLC _cDLC |
||
| 042 | _alcode | ||
| 043 | _af-rh--- | ||
| 050 | 0 | 0 |
_aSB319.3.Z55 _bSMA 1997 |
| 245 | 0 | 0 |
_aSmallholder horticulture in Zimbabwe / _cedited by J.E. Jackson, A. Turner, and M. Matanda. |
| 260 |
_aHarare, Zimbabwe : _bUniversity of Zimbabwe Publications, _c1997. |
||
| 300 |
_axvi, 207 p. : _bill. maps ; _c23 cm. |
||
| 500 | _aProceedings of a workshop. | ||
| 504 | _aIncludes bibliographical references. | ||
| 650 | 0 |
_aHorticulture _zZimbabwe _xCongresses. |
|
| 650 | 0 |
_aTruck farming _zZimbabwe _xCongresses. |
|
| 650 | 0 |
_aVegetables _zZimbabwe _xCongresses. |
|
| 650 | 0 |
_aFruit-culture _zZimbabwe _xCongresses. |
|
| 650 | 0 |
_aVegetable trade _zZimbabwe _xCongresses. |
|
| 650 | 0 |
_aFruit trade _zZimbabwe _xCongresses. |
|
| 700 | 1 |
_aJackson, J. E. _q(John Ellwood), _d1934- _eeditor |
|
| 700 | 1 |
_aTurner, A. _q(Anne) _eeditor |
|
| 700 | 1 |
_aMatanda, M. _q(Margaret) _eeditor |
|
| 906 |
_a7 _bcbc _corigode _d2 _encip _f19 _gy-gencatlg |
||
| 942 |
_2lcc _cBK _h319.3.Z55 _iSMA _kS |
||